000 00589nam a2200181 a 4500
001 000028299
005 20200930031523.0
008 110407s2003 dr a 000 | spa d
020 _a9993433691
082 _axxx
_bS844v
100 1 _aStevens, Ana
_955294
245 1 4 _aLas velas y sus milagros :
_bhistoria de lass velas, sus colores, poder curativo, sus signos astrólogicos, amor y dinero /
_cAna Stevens.
260 _aSanto Domingo :
_bGrupo Editorial Fénix,
_c2003.
300 _a40 p. :
_bil. ;
_c21 cm.
490 1 _aAutoayuda
830 0 _aAutoayuda
_955295
999 _c27791
_d27791
040 _aDO-SdBNP